Normal view
MARC view
- Sup: Dr. Rizwan Saeed Choudhry
Entry Personal Name
001 - CONTROL NUMBER
- control field: 34616
003 - CONTROL NUMBER IDENTIFIER
- control field: NUST
005 - DATE AND TIME OF LATEST TRANSACTION
- control field: 20201027185853.0
008 - FIXED-LENGTH DATA ELEMENTS
- fixed length control field: 201027|| aca||aabn | a|a d
040 ## - CATALOGING SOURCE
- Original cataloging agency: NUST
- Transcribing agency: NUST
100 ## - HEADING--PERSONAL NAME
- Personal name: Sup: Dr. Rizwan Saeed Choudhry
670 ## - SOURCE DATA FOUND
- Source citation: Work cat.: (NUST): Kamran, Muhammad 21308, A Numerical and Experimental Investigation of "Open-hole Compression" Testing Method for 3D Woven Fibre Reinforced Polymeric /, 2013.
